LEADER 01162nam0-22003491i-450- 001 990005951360403321 005 20130710192806.0 035 $a000595136 035 $aFED01000595136 035 $a(Aleph)000595136FED01 035 $a000595136 100 $a20130710d1923----km-y0itay50------ba 101 0 $aita 102 $aIT 105 $a--------00-yy 200 1 $aDel commercio marittimo e della navigazione$fcommento di Prospero Ascoli$griveduto da Roberto Montessori e da Gastone Ascoli 205 $a5. ed. rifatta 210 $aTorino$cUTET$d1923 215 $a1002 p.$d22 cm 225 1 $a<>codice di commercio commentato$fda Prospero Ascoli ... [et al.] ; coordinato da Leone Bolaffio e Cesare Vivante, [poi] coordinato [da] L. Bolaffio, A. Rocco, C. Vivante$v8 676 $a342.096 676 $a343.096 700 1$aAscoli,$bProspero$0226261 801 0$aIT$bUNINA$gRICA$2UNIMARC 901 $aBK 912 $a990005951360403321 952 $aVIII G 15$b18595$fFGBC 952 $a16-N-II-8$bV.SCHEDONE$fDDCP 959 $aFGBC 959 $aDDCP 996 $aDel commercio marittimo e della navigazione$9584464 997 $aUNINA LEADER 01249cam1-2200409---450 001 990005836550203316 005 20221006153329.0 035 $a000583655 035 $aUSA01000583655 035 $a(ALEPH)000583655USA01 035 $a000583655 100 $a20130430g20139999km-y0itay5003----ba 101 1 $aita$cfre 102 $aIT 105 $a||||||||001yy 200 1 $aSullo Stato$fPierre Bourdieu$gtesto stabilito da Patrick Champagne ... [et al.]$gtraduzione di Massimiliano Guareschi 210 $aMilano$cFeltrinelli$d2013- 215 $avolumi$d21 cm 225 2 $aCampi del sapere 410 0$12001$aCampi del sapere 454 0$12001$aSur l'État$91494496 606 0 $aStato$xSociologia$2BNCF 676 $a306.201 700 1$aBOURDIEU,$bPierre$045203 702 1$aCHAMPAGNE,$bPatrick 702 1$aGUARESCHI,$bMassimiliano 801 0$aIT$bsalbc$gISBD 912 $a990005836550203316 951 $aII.5. 7403 /$bL.M.$cII.5. 959 $aBK 969 $aUMA 979 $aPASSARO$b90$c20130430$lUSA01$h0946 979 $aPASSARO$b90$c20130430$lUSA01$h0954 979 $aPASSARO$b90$c20130430$lUSA01$h0955 979 $aPASSARO$b90$c20130430$lUSA01$h0958 996 $aSur l'État$91494496 997 $aUNISA